000 01062nam0a22002891 4500
001 rc\4032608
005 20250611063403.0
021 _aRU
_b[49-37423]
035 _a(NLR Aleph) 008093325
090 _a9197638
_c9197638
100 _a20130415d1949 |||y0rusy50 ca
101 0 _arus
102 _aRU
105 _aa z |||||
200 1 _aБыло ли начало мира
205 _a2-е изд.
210 _aМосква
_aЛенинград
_cГос. изд-во техн.-теорет. лит.
_d1949
_gОбразцовая тип. им. Жданова
_g13-я тип. Главполиграфиздата в М.
215 _a32 с.
_cил.
_d20
225 1 _aНаучно-популярная библиотека
300 _aПеред загл. авт.: проф. Р.В. Куницкий
607 _aВселенная
_2psbo
700 1 _aКуницкий
_bР.В.
_f1890-
_gРостислав Владимирович
801 0 _aRU
_bNLR
_gpsbo
801 1 _aRU
_bELAR
_2rusmarc
852 _aNLR
_jА02 Г-4/205
942 _cBOOK
980 _aNB